00566 2200193 4500001002100000005001500021035002000036007000300056008003900059082000700098084001300105100001900118245012800137250001000265260004600275300002400321600001200345990001500357INLIS00000000000990320260421015921 a0010-0426000333ta260421 | | |  a61 a61 AMI i0 aAMIRUDIN SALEH1 aIDENTIFIKASI KEANEKARAGAMAN JENIS MERANTI (SHOREA SPP) PADA KAWASAN THPB SWAKELOLA DI PT TAIYOUNG ENGREEN /cAMIRUDIN SALEH aCet 1 aPalangka Raya :bPerpustakaan UMPR,c2022 aiv, 47 hlm :bilus. 4aSKRIPSI a1861020005